La reconvención ante la doctrina y la jurisprudencia

Saved in:
Bibliografiske detaljer
Hovedforfatter: Guzmán Suárez, Lionel (Author)
Format: Bog
Sprog:spansk
Udgivet: Valparaíso Universidad de Chile 1974
Fag:
Tags: Tilføj Tag
Ingen Tags, Vær først til at tagge denne postø!

MARC

LEADER 00000nam a2200000 a 4500
001 UCS0747
003 CL-VaPUC
008 970426e19740000CL |||||||||||||||||spa|d
082 0 4 |a 345.072  |b GUZ  |2 21 
100 |a Guzmán Suárez, Lionel  |e author  |9 791196 
245 1 3 |a La reconvención ante la doctrina y la jurisprudencia 
300 |a 205 p 
942 |c BK 
945 |d 19970426 00:00:00  |a lriquelm 
260 |a Valparaíso  |b Universidad de Chile  |c 1974 
650 7 |a RECONVENCION DERECHO  |2 CL-VaPUC  |9 384594 
650 0 |a Derecho procesal penal  |9 255496 
583 |a last modification  |c 19970426 00:00:00  |k Rodrigo Vera 
999 |c 258962  |d 258960 
952 |0 0  |1 0  |4 0  |6 345_072000000000000_GUZ_1974  |7 0  |8 A  |9 283409  |a BIBDER  |b BIBDER  |d 2019-11-19  |i 1835793  |o 345.072 GUZ 1974  |p 1835793  |r 2023-01-25  |w 2019-11-19  |y BK  |k DER